| 000 | 01104nam0a22003011 4500 | ||
|---|---|---|---|
| 001 | v19\rc\1970562 | ||
| 005 | 20251118181058.2 | ||
| 035 | _a(NLR Aleph) 005052585 | ||
| 090 |
_a6910394 _c6910394 |
||
| 100 | _a20080428d1914 u y0rusy50 ca | ||
| 101 | 0 | _arus | |
| 102 | _aRU | ||
| 105 | _ay z ||||| | ||
| 200 | 1 |
_aСборник стереометрических задач на комбинации геометрических тел _fП.Г. Дзык _gПод ред. прив.-доц. Спб. ун-та Я.В. Успенского |
|
| 210 |
_aОдесса _cMathesis _d1914 |
||
| 215 |
_a71 с. _d22 |
||
| 700 | 1 |
_aДзык _bП.Г. _f1889- _gПавел Григорьевич |
|
| 702 | 1 |
_4340 _7ca _8rus _aУспенский _bЯ. В. _cматематик _f1883-1947 _gЯков Викторович _9240029 _3RU\NLR\AUTH\770240085 |
|
| 801 | 0 |
_aRU _bNLR _gpsbo |
|
| 801 | 0 |
_aRU _bRuMoRGB _2psbo |
|
| 801 | 1 |
_aRU _bProSoft-M _2rusmarc |
|
| 852 |
_aNLR _jМт02/Б-6/8 |
||
| 899 |
_aRuMoRGB _jO 35/99 |
||
| 899 |
_aRuMoRGB _jU 406/161 |
||
| 899 | _aБАН | ||
| 942 | _cBOOK | ||
| 980 | _aNB | ||